000 01026nas a2200325 4500
001 BR2015001505
003 BR-BrBNA
005 20231205125110.0
007 ta
008 230509b bl.|||p| |||| 00| 00por d
040 _aBR-BrBNA
_bpor
_cBiblioteca Nacional de Agricultura
041 _a(Pt)
072 _aQ03; Q04
100 1 _aDemoliner, F.
100 1 _aBraga, L. da C.
100 1 _aNickel, J.
100 1 _aCavada, G. da S.
100 1 _aBotelho, F.T.
100 1 _aAlmeida, A.T.S.
100 1 _aRodrigues, K.L.
245 1 _aQualidade higienicossanitária e composição química de alfaces cultivadas em sistema de produção orgânico e convencional
650 _aALFACE
650 _aCOMPOSIÇÃO QUÍMICA
650 _aHIGIENE DE ALIMENTO
650 _aCONTAMINAÇÃO
650 _aPRODUÇÃO ORGÂNICA
773 0 _tHigiene Alimentar (Brazil)
_xISSN 0101-9171
_g(Nov-Dec 2014), v. 28(238-239) p. 133-136
_wBR2015001505
909 _a202311
_bLúcia
_c55
_dLúcia Elande
942 _2AGRIS
_n0
_cANA
999 _c242619
_d242619